000 00547nam a2200181Ia 4500
005 20250508152523.0
008 008 250505s9999 xx 000 0 eng d
037 _aTextual
040 _aFEDL
_beng
_cFEDL
041 _aeng
_2eng
084 _a371.209 485, SWE
_qFEDL
245 0 _aSurvey of the school system in Sweden
260 _aSweden
_bThe Royal Board of Education in Sweden
_c1958
300 _a88p
490 _aThe board of education series, 31
942 _cTEXL
_h371.209 485, SWE
999 _c1336964
_d1336964